000 00609nam a2200217Ia 4500
008 101110s9999 xx 000 0 und d
041 _aMARATHI
082 _bSR27516
_a891.4692
100 _aSadvelkar Baburao
245 _aMaharashtratil kalavant aadarniya aani sansmaraniya
260 _c2005
_bJyotsna Prakashan, Pune
300 _a240
365 _b250
520 _aMarathi
546 _aMARATHI
630 _aMaharashtratil kalavant aadarniya aani sansmaraniya
650 _aMarathi
655 _aMarathi
730 _aMaharashtratil kalavant aadarniya aani sansmaraniya
942 _cBOOK
999 _c820070
_d820067